| 000 | 01395cab a2200241 4500 | ||
|---|---|---|---|
| 001 | ABS57385 | ||
| 008 | 090401t1997 xxu||||| |||| 00| 0 eng d | ||
| 035 | _a(Sirsi) u79671 | ||
| 041 | _aeng | ||
| 245 | _aUrban Manor Ltd v Sadiq | ||
| 260 | _c1997 | ||
| 350 | _a0 | ||
| 490 |
_aWeekly Law Reports _v[1997] 1 WLR 1016-1024(9) |
||
| 520 | _aCA 20 February 1997. Purchaser S and vendor U entered into a contract for the sale of registered land. At the time U was not the registered proprietor but was entitled to purchase the land. U later notified S of its subsequent purchase, sent answers to his requisitions and returned the draft transfer, giving notice to complete. Two days before the agreed competion date S rejected the notice on grounds that he had not received copy entries that U was the registered proprietor of the land. U claimed S had accepted title by the National Conditions of Sale 9(6) and request for copy entries was made too late. S did not complete on the said date and U was granted that S had rescinded the contract and was entitled to forfeit the deposit. S`s appeal dismissed. | ||
| 650 | _aLAND REGISTRATION ACT 1925 | ||
| 650 | _aNATIONAL CONDITIONS OF SALE (20TH EDITION) | ||
| 650 | _aSALE OF LAND | ||
| 650 | _aTIME LIMITS | ||
| 650 | _aURBAN MANOR LTD V SADIQ | ||
| 690 | _aPROPERTY LAW AND PRACTICE-CASE LAW | ||
| 942 | _n0 | ||
| 948 | _c16/07/1997 | ||
| 999 |
_c50113 _d50113 |
||